Statistics for SML Characters

Click here to take the quiz!

General Stats

  • This quiz has been taken 79 times
  • The average score is 12 of 14

Answer Stats

HintCharacter% Correct
Kid that wears a blue helmet and has a pencil in his noseJeffy
100%
Kid who owns a Ken dollCody
98%
Kid of the friend group that likes BasketballJoseph
95%
Father of the above and is a PlumberMario
93%
The father of #1 and likes Charley and FriendsBowser
92%
Friend of #5 who likes kool aid and call of dutyBlack Yoshi
87%
Friend of #5 who likes cheesecakeShrek
87%
ChefChef Pee Pee
85%
BillionareMr. Goodman
85%
Wife of the aboveRosalina
85%
Friend of #5 who hunts shrimposWoody
82%
#1 Friend who is a RapperToad
72%
Kid who hangs out with his friendsBowser Junior
70%
Man who has every job in townBrooklyn Guy
70%

Score Distribution

Percentile by Number Answered

Percent of People with Each Score

Your Score History

You have not taken this quiz